|
|
|
|
| LEADER |
00000nam0a2200000 4500 |
| 001 |
323773 |
| 005 |
20231101022854.0 |
| 035 |
|
|
|a (RuTPU)RU\TPU\book\349360
|
| 090 |
|
|
|a 323773
|
| 100 |
|
|
|a 20161027d1950 m y0rusy50 ca
|
| 101 |
0 |
|
|a rus
|
| 102 |
|
|
|a RU
|
| 105 |
|
|
|a a z 000zy
|
| 200 |
1 |
|
|a Лучи из мировых глубин
|f Г. Б. Жданов
|
| 205 |
|
|
|a 2-е изд., перераб. и доп.
|
| 210 |
|
|
|a Москва
|a Ленинград
|c Гостехиздат
|d 1950
|
| 215 |
|
|
|a 140 с.
|c ил.
|
| 606 |
1 |
|
|a Космические лучи
|x Физика
|2 stltpush
|3 (RuTPU)RU\TPU\subj\15855
|
| 610 |
1 |
|
|a невидимые лучи
|
| 610 |
1 |
|
|a регистрация
|
| 610 |
1 |
|
|a каскадные ливни
|
| 610 |
1 |
|
|a тяжелые электроны
|
| 610 |
1 |
|
|a тяжелые фотоны
|
| 610 |
1 |
|
|a атомное ядро
|
| 610 |
1 |
|
|a взрыв
|
| 610 |
1 |
|
|a космическое излучение
|
| 610 |
1 |
|
|a загадки
|
| 610 |
1 |
|
|a проблемы
|
| 675 |
|
|
|a 539.1
|v 4
|
| 700 |
|
1 |
|a Жданов
|b Г. Б.
|g Георгий Борисович
|
| 801 |
|
1 |
|a RU
|b 63413507
|c 20161027
|
| 801 |
|
2 |
|a RU
|b 63413507
|c 20200730
|g RCR
|
| 942 |
|
|
|c BK
|